000 00798nam a22002177a 4500
003 OSt
005 20250808050900.0
008 240529b |||||||| |||| 00| 0 eng d
020 _a9786210450781
040 _aDWC-Main lib
_cOC
082 _aFil. 807 D671t 2024
100 _aDomingo- Bondoc, Maureen
245 _aDomingo- Bondoc, Maureen Teaching and assessment of literature studies /
_cMaureen Domingo- Bondoc & Rodolfo G. Reyes
250 _aFirst edition
260 _aManila, Philippines :
_bRex Bookstore,
_cc2024.
300 _axiv, 198 pages :
_billustrations ;
_c26cm.
504 _aIncludes bibliographical references and index.
650 _a1. English literature -- Study and teaching --Evaluation.
700 _aReyes, Rodolfo G.
942 _cBK - FIL
_2ddc
_kFil.
_n0
_eFirst edition
999 _c72
_d72